| 000 | 00473nam a2200145 a 4500 | ||
|---|---|---|---|
| 001 | 000029330 | ||
| 005 | 20200930055500.0 | ||
| 008 | 110414s2006 dr 000 0 spa d | ||
| 040 |
_aDO-SdBNP _bspa _cBNPHU |
||
| 110 | 2 |
_aRepública Dominicana _9447 |
|
| 245 | 1 | 0 |
_aÍndice alfabético del año 2004 : _bperíodos del gobierno cosntitucional del Dr. Leonel Fernández. |
| 260 |
_aSanto domingo : _bEditora Alga y Omega, _c2006. |
||
| 500 | _aEdición oficial | ||
| 049 | _aBNPD | ||
| 999 |
_c28822 _d28822 |
||